Udržateľný rozvoj kúpeľného cestovného ruchu v SR vedecký workshop : 11. 12. 2025

Na minha lista:
Detalhes bibliográficos
Autor principal: Kubičková, Viera, 1970-
Corporate Authors: Udržateľný rozvoj kúpeľného cestovného ruchu v SR. Vedecký workshop, Ekonomická univerzita v Bratislave. Obchodná fakulta, INSPAHUB
Outros Autores: Halenárová, Mária, 1994-, Pekarovičová, Lenka, 2000-, Čukanová, Miroslava, 1984-
Formato: Livro
Idioma:eslovaco
Publicado em: Bratislava Vydavateľstvo EKONÓM 2025
Edição:1. vydanie
Assuntos:
Tags: Adicionar Tag
Sem tags, seja o primeiro a adicionar uma tag!

MARC

LEADER 00000nam a2200000 4500
001 0313382
005 20251126124731.5
020 |a 978-80-225-5271-4 
041 0 |a slo 
044 |a SK 
245 1 0 |a Udržateľný rozvoj kúpeľného cestovného ruchu v SR  |b vedecký workshop : 11. 12. 2025  |c Viera Kubičková a kolektív 
250 |a 1. vydanie 
264 1 |a Bratislava  |b Vydavateľstvo EKONÓM  |c 2025 
300 |a 64 s. [3,2 AH] 
610 2 0 |a rozvoj trvalo udržateľný 
610 2 0 |a udržateľnosť 
610 2 0 |a ruch cestovný 
610 2 0 |a ruch cestovný kúpeľný 
610 2 0 |a kúpeľníctvo 
610 2 0 |a sily pracovné 
610 2 0 |a politika inovačná 
610 2 0 |a rozvoj podniku 
610 2 0 |a Slovensko 
100 1 |a Kubičková, Viera, 1970- 
700 1 |a Halenárová, Mária, 1994- 
700 1 |a Pekarovičová, Lenka, 2000- 
700 1 |a Čukanová, Miroslava, 1984- 
110 2 |a Udržateľný rozvoj kúpeľného cestovného ruchu v SR. Vedecký workshop 
710 2 |a Ekonomická univerzita v Bratislave. Obchodná fakulta 
710 2 |a INSPAHUB